00831 2200277 4500001002100000008004100021035002000062245012300082100002700205260004000232300001300272020002200285084001400307082000800321650001600329990001900345990002100364990002100385990002100406990002100427990002100448990002100469990002100490990002100511990002100532INLIS000000000001057 ind  a0010-0724001057 aRahasiaku Ensiklopediaku Inilah Sains Dan TeknologibEnsiklopediaku Inilah Sains Dan TeknologicTim armandelta selaras aTim armandelta selaras aJakarta :bArmandelta selarasc2008 a199 hlm. a978-979-26-7180-3 a503 TIM R a503 aEnsilopedia aP29/CP/24/1057 aP29/CP/24/1057.1 aP29/CP/24/1057.2 aP29/CP/24/1057.3 aP29/CP/24/1057.4 aP29/CP/24/1057.5 aP29/CP/24/1057.6 aP29/CP/24/1057.7 aP29/CP/24/1057.8 aP29/CP/24/1057.9